000 00619nam a2200181Ia 4500
008 100917s9999 xx 000 0 und d
082 _b24788
100 _aमंगरूळकर अरविंद
245 _aमराठी व्याकरणाचा पुर्नविचार
260 _bव. ह. गोळे
_c1964
300 _a168
365 _b5
520 _a---
630 _aमराठी व्याकरणाचा पुर्नविचार
650 _a---
730 _aमराठी व्याकरणाचा पुर्नविचार
942 _cBOOK
999 _c630182
_d630179